MARC

LEADER 00000nmm0a2200000 4500
001 58053
005 20231101211715.0
010 |a 9856573742 
035 |a (RuTPU)RU\TPU\book\61282 
090 |a 58053 
100 |a 20031121d2002 m y0rusy50 ca 
101 0 |a rus  |a eng 
102 |a BY 
105 |a a j 001zy 
200 1 |a Учимся слушать и понимать английскую речь  |a Learning to Listen English  |e учебное пособие  |f Е. Б. Карневская, Н. А. Павлович, В. В. Лопатько 
210 |a Минск  |c Аверсэв  |d 2002 
215 |a 288 с.  |c ил.  |e Прилож.: 3 кассеты 
320 |a Literature: p. 278-279 
510 1 |a Learning to Listen English  |z eng 
606 1 |a Английский язык  |x Учебные руководства и пособия  |x Пособия по развитию речи, разговорники  |2 stltpush  |3 (RuTPU)RU\TPU\subj\29074  |9 52486 
610 1 |a английский язык 
610 1 |a учебные пособия 
610 1 |a лексика 
610 1 |a разговорная речь 
610 1 |a устная речь 
610 1 |a понимание 
686 |a Ш143.21-923.4  |v LBC/SL-A  |2 rubbk 
700 1 |a Карневская  |b Е. Б.  |g Елена Борисовна 
701 1 |a Павлович  |b Н. А.  |g Наталья Александровна 
701 1 |a Лопатько  |b В. В.  |g Валентина Васильевна 
801 1 |a RU  |b 63413507  |c 20031121  |g PSBO 
801 2 |a RU  |b 63413507  |c 20140204  |g PSBO 
942 |c MX